00378nam a2200109Ia 4500008004100000020001800041082001800059100004300077245010400120260003500224300000900259210430s9999 xx 000 0 und d a0-8247-1933-6 a660.39 M239 S aJames A. Schwarz, Cristian I. Contescu aSurfaces of Nanoparticles and Porous Materials /cMartin J.Schickb(Surfactant science series V-78) aNew yorkbP.Somasundaranc1999 a787p